[Event "NOR-chT 1819"]
[Site "Norway"]
[Date "2019.03.10"]
[Round "9.2"]
[White "Haug, Johannes"]
[Black "Bae, Torstein"]
[Result "1/2-1/2"]
[WhiteElo "2386"]
[BlackElo "2407"]
[PlyCount "38"]
[EventDate "2018.11.02"]
[EventType "team-tourn"]
[EventRounds "9"]
[EventCountry "NOR"]
[SourceTitle "CBM 189 Extra"]
[Source "ChessBase"]
[SourceDate "2019.06.03"]
[SourceVersion "1"]
[SourceVersionDate "2019.06.03"]
[SourceQuality "1"]
[WhiteTeam "Nordstrand"]
[BlackTeam "Oslo SK 1911"]
[WhiteTeamCountry "NOR"]
[BlackTeamCountry "NOR"]

1. d4 Nf6 2. c4 Nc6 3. Nf3 e6 4. Nc3 Bb4 5. Qc2 d5 6. a3 Bxc3+ 7. Qxc3 Ne4 8. Qc2 e5 9. cxd5 Qxd5 10. e3 Bf5 11. Bc4 Qa5+ 12. Bd2 Nxd2 13. Qxd2 Qxd2+ 14. Kxd2 exd4 15. Nxd4 Nxd4 16. exd4 0-0-0 17. Kc3 Rd7 18. Rhe1 Rhd8 19. Rad1 c6 1/2-1/2

[Event "NOR-chT 1516"]
[Site "Norway"]
[Date "2016.01.16"]
[Round "5.3"]
[White "Machlik, Monika"]
[Black "Bae, Torstein"]
[Result "1/2-1/2"]
[WhiteElo "2060"]
[BlackElo "2435"]
[PlyCount "152"]
[EventDate "2015.10.30"]
[EventType "team-tourn"]
[EventRounds "9"]
[EventCountry "NOR"]
[SourceTitle "CBM 170 Extra"]
[Source "ChessBase"]
[SourceDate "2016.02.25"]
[SourceVersion "1"]
[SourceVersionDate "2016.02.25"]
[SourceQuality "1"]
[WhiteTeam "Tromsoe"]
[BlackTeam "Oslo SK 1911"]
[WhiteTeamCountry "NOR"]
[BlackTeamCountry "NOR"]

1. d4 Nf6 2. c4 g6 3. Nc3 d5 4. cxd5 Nxd5 5. Na4 e5 6. dxe5 Nc6 7. a3 Bf5 8. Nf3 Qd7 9. e3 0-0-0 10. Be2 Qe7 11. Bd2 Nxe5 12. 0-0 Be4 13. Rc1 Nd3 14. Bxd3 Bxd3 15. Re1 Bg7 16. Qb3 Be4 17. Nc5 Nb6 18. Nxe4 Qxe4 19. Bc3 Bxc3 20. Rxc3 Rd7 21. Rec1 Qa4 22. Nd4 Qxb3 23. Rxb3 Kb8 24. g3 Rc8 25. Rbc3 Rd5 26. b4 Na4 27. R3c2 c5 28. Nb5 Rc6 29. Nc3 Nxc3 30. Rxc3 cxb4 31. Rxc6 bxc6 32. axb4 Kb7 33. Kg2 Kb6 34. Rc4 Kb5 35. Re4 Rd7 36. g4 c5 37. bxc5 Kxc5 38. Re8 a5 39. Ra8 Kb6 40. Kf3 Ra7 41. Rb8+ Kc5 42. Rc8+ Kb4 43. Rb8+ Kc3 44. Ke2 a4 45. Rc8+ Kb4 46. Rb8+ Kc5 47. Rc8+ Kd6 48. Rd8+ Ke6 49. Rd2 a3 50. Ra2 Kf6 51. Kd3 Kg5 52. f3 f5 53. gxf5 Kxf5 54. Kc4 Ke5 55. Kb4 Rf7 56. f4+ Ke4 57. Rxa3 Rc7 58. h4 Kf3 59. Ra5 Kg4 60. h5 gxh5 61. Rg5+ Kf3 62. Rxh5 Kxe3 63. f5 Kf4 64. f6 Kg4 65. Rh1 h5 66. Rf1 Rf7 67. Kc4 Kg5 68. Kd5 Rxf6 69. Rxf6 Kxf6 70. Ke4 Kg5 71. Kf3 h4 72. Kg2 Kg4 73. Kh2 h3 74. Kh1 Kg3 75. Kg1 h2+ 76. Kh1 Kh3 1/2-1/2

[Event "NOR-chT 1415"]
[Site "Norway"]
[Date "2015.03.07"]
[Round "10.4"]
[White "Chavannes, Ivar"]
[Black "Bae, Torstein"]
[Result "0-1"]
[WhiteElo "2163"]
[BlackElo "2439"]
[PlyCount "120"]
[EventDate "2014.10.31"]
[EventType "team-tourn"]
[EventRounds "11"]
[EventCountry "NOR"]
[SourceTitle "EXT 2016"]
[Source "ChessBase"]
[SourceDate "2015.10.08"]
[SourceVersion "1"]
[SourceVersionDate "2015.10.08"]
[SourceQuality "1"]
[WhiteTeam "Nordstrand"]
[BlackTeam "Oslo SK 1911"]
[WhiteTeamCountry "NOR"]
[BlackTeamCountry "NOR"]

1. d4 Nf6 2. c4 c5 3. d5 b5 4. cxb5 a6 5. b6 d6 6. Nc3 Qxb6 7. e4 g6 8. Be2 Bg7 9. Nf3 Nbd7 10. 0-0 0-0 11. Nd2 Qc7 12. h3 Bb7 13. a4 e6 14. Nc4 exd5 15. exd5 Nb6 16. Ne3 Rfe8 17. a5 Nbd7 18. Qc2 Re7 19. Rd1 Rae8 20. Bf1 Ne5 21. Bd2 Nh5 22. Na4 Nf6 23. Nb6 Ned7 24. Bc3 Nxb6 25. axb6 Qxb6 26. Ba5 Qa7 27. Qb3 Ne4 28. Bb6 Qa8 29. Nc2 Rb8 30. Ra4 Bxd5 31. Rxd5 Rxb6 32. Qxb6 Qxd5 33. Qd8+ Bf8 34. Ne3 Qb7 35. Rxa6 Rd7 36. Qa8 Qxa8 37. Rxa8 d5 38. Bb5 Rd6 39. Rc8 Kg7 40. f3 Nf6 41. Bc6 Be7 42. Ba8 Bd8 43. Kf1 Bb6 44. Rc6 Re6 45. Nd1 c4 46. g4 g5 47. Rc8 Ba5 48. Kf2 Be1+ 49. Kf1 Bd2 50. Kf2 Re1 51. Nc3 Bxc3 52. bxc3 Rc1 53. Rc5 Rc2+ 54. Kg3 h5 55. gxh5 Nxh5+ 56. Kg4 Kg6 57. f4 f5+ 58. Kf3 Rxc3+ 59. Kf2 Nxf4 60. Rc6+ Kh5 0-1

[Event "NOR-chT 1415"]
[Site "Norway"]
[Date "2015.02.07"]
[Round "7.1"]
[White "Tari, Aryan"]
[Black "Bae, Torstein"]
[Result "1/2-1/2"]
[WhiteElo "2450"]
[BlackElo "2439"]
[PlyCount "35"]
[EventDate "2014.10.31"]
[EventType "team-tourn"]
[EventRounds "11"]
[EventCountry "NOR"]
[SourceTitle "EXT 2016"]
[Source "ChessBase"]
[SourceDate "2015.10.08"]
[SourceVersion "1"]
[SourceVersionDate "2015.10.08"]
[SourceQuality "1"]
[WhiteTeam "Valerenga"]
[BlackTeam "Oslo SK 1911"]
[WhiteTeamCountry "NOR"]
[BlackTeamCountry "NOR"]

1. d4 d5 2. c4 e5 3. dxe5 d4 4. Nf3 Nc6 5. a3 Be6 6. Qd3 Nge7 7. Bf4 a5 8. Nbd2 a4 9. Rd1 Ng6 10. Bg3 Bc5 11. h4 h5 12. Ng5 Ngxe5 13. Bxe5 Nxe5 14. Qg3 Ng4 15. Nxe6 fxe6 16. Ne4 Qe7 17. f3 Ne3 18. Qg6+ 1/2-1/2

[Event "NOR-chT 1415"]
[Site "Norway"]
[Date "2015.01.11"]
[Round "6.4"]
[White "Bae, Torstein"]
[Black "Saevareid, Ove"]
[Result "1-0"]
[WhiteElo "2439"]
[BlackElo "2155"]
[PlyCount "47"]
[EventDate "2014.10.31"]
[EventType "team-tourn"]
[EventRounds "11"]
[EventCountry "NOR"]
[SourceTitle "EXT 2016"]
[Source "ChessBase"]
[SourceDate "2015.10.08"]
[SourceVersion "1"]
[SourceVersionDate "2015.10.08"]
[SourceQuality "1"]
[WhiteTeam "Oslo SK 1911"]
[BlackTeam "SK 96"]
[WhiteTeamCountry "NOR"]
[BlackTeamCountry "NOR"]

1. e4 c5 2. Nf3 Nc6 3. Bb5 g6 4. 0-0 Bg7 5. Bxc6 dxc6 6. h3 Nf6 7. d3 0-0 8. Nc3 Nd7 9. Be3 e5 10. Qd2 Qe7 11. a3 Rd8 12. b4 b6 13. Na4 cxb4 14. axb4 Bb7 15. Qc3 h6 16. Nb2 Kh7 17. Rfe1 Rdc8 18. Nc4 Qe6 19. Bd2 c5 20. Qb2 cxb4 21. Bxb4 f5 22. Nd6 fxe4 23. Nxe4 Nf6 24. Neg5+ 1-0

[Event "NOR-chT 1415"]
[Site "Norway"]
[Date "2015.01.10"]
[Round "5.4"]
[White "Bae, Torstein"]
[Black "Skrondal, Inge Sandstad"]
[Result "0-1"]
[WhiteElo "2439"]
[BlackElo "2258"]
[PlyCount "122"]
[EventDate "2014.10.31"]
[EventType "team-tourn"]
[EventRounds "11"]
[EventCountry "NOR"]
[SourceTitle "EXT 2016"]
[Source "ChessBase"]
[SourceDate "2015.10.08"]
[SourceVersion "1"]
[SourceVersionDate "2015.10.08"]
[SourceQuality "1"]
[WhiteTeam "Oslo SK 1911"]
[BlackTeam "Stavanger"]
[WhiteTeamCountry "NOR"]
[BlackTeamCountry "NOR"]

1. d4 Nf6 2. g3 d5 3. c4 dxc4 4. Nf3 Nc6 5. Nc3 e6 6. Bg2 Rb8 7. Qa4 Bb4 8. 0-0 Nd5 9. Ne5 0-0 10. Nxc6 bxc6 11. Ne4 c3 12. Qc2 cxb2 13. Bxb2 Qe7 14. Rab1 Rb6 15. Nc5 e5 16. Na4 Ra6 17. dxe5 Be6 18. Bd4 Nb6 19. Nc3 c5 20. Be3 Nc4 21. Bc1 Na3 22. Bxa3 Rxa3 23. Nd5 Bxd5 24. Bxd5 Qxe5 25. Bb3 Ra6 26. Rbd1 Rd6 27. Qc4 Bd2 28. e3 g6 29. Kg2 Kg7 30. Qc2 Rfd8 31. Qc4 R8d7 32. Qa4 a6 33. Qc4 Qf5 34. Ba4 Rd8 35. Bb3 Rf6 36. Qe2 Rfd6 37. e4 Qd7 38. e5 Qc6+ 39. Kg1 Rd4 40. Bc4 a5 41. e6 fxe6 42. Qe5+ Kf7 43. Rxd2 Rxd2 44. Re1 R8d6 45. Qh8 Qf3 46. Qxh7+ Kf6 47. Qh8+ Ke7 48. Rf1 Rd1 49. Qh7+ Qf7 50. Qh4+ Qf6 51. Qh7+ Kd8 52. Bb5 Kc8 53. Qh3 R6d2 54. Qg2 Rxf1+ 55. Bxf1 Kd8 56. a4 Ke7 57. h4 Qd4 58. g4 c4 59. Qg3 Kf8 60. h5 c3 61. hxg6 Qxf2+ 0-1

[Event "NOR-chT 1415"]
[Site "Norway"]
[Date "2014.11.02"]
[Round "3.3"]
[White "Lahlum, Hans Olav"]
[Black "Bae, Torstein"]
[Result "0-1"]
[WhiteElo "2199"]
[BlackElo "2439"]
[PlyCount "140"]
[EventDate "2014.10.31"]
[EventType "team-tourn"]
[EventRounds "11"]
[EventCountry "NOR"]
[SourceTitle "EXT 2015"]
[Source "ChessBase"]
[SourceDate "2014.11.20"]
[SourceVersion "1"]
[SourceVersionDate "2014.11.20"]
[SourceQuality "1"]
[WhiteTeam "Oslo Akademisk"]
[BlackTeam "Oslo SK 1911"]
[WhiteTeamCountry "NOR"]
[BlackTeamCountry "NOR"]

1. d4 Nf6 2. c4 e6 3. Nc3 Bb4 4. Qc2 c5 5. dxc5 Bxc5 6. Nf3 Qb6 7. e3 Qc7 8. Bd3 b6 9. 0-0 Bb7 10. e4 Nc6 11. a3 a6 12. Qe2 Ng4 13. g3 Be7 14. Bf4 Nge5 15. Rac1 Nxf3+ 16. Qxf3 Ne5 17. Qe2 d6 18. Rfd1 0-0 19. Be3 f5 20. f4 Nxd3 21. Qxd3 Rab8 22. Qd4 Ba8 23. b4 Rfd8 24. Kf2 Bf6 25. Qd3 Bxc3 26. Rxc3 Bxe4 27. Qd4 Qf7 28. Bc1 Qh5 29. Kg1 Ba8 30. Re3 Qf7 31. Bb2 Be4 32. Rd2 Qc7 33. Ree2 Rd7 34. c5 bxc5 35. bxc5 Rxb2 36. Rxb2 dxc5 37. Rb8+ Kf7 38. Qe5 Qxe5 39. fxe5 Rc7 40. Rd2 c4 41. Rbd8 Bd5 42. Rc2 c3 43. Kf2 a5 44. Ke3 Bb3 45. Rc1 a4 46. Rd3 c2 47. Kd2 g5 48. Re1 Kg6 49. Kc1 Rc4 50. Kb2 f4 51. gxf4 Rxf4 52. Rxb3 axb3 53. Kxb3 Rh4 54. a4 Rxh2 55. a5 Re2 56. Ra1 Rxe5 57. Kxc2 h5 58. a6 Rc5+ 59. Kd3 Rc8 60. a7 Ra8 61. Ke4 h4 62. Ke5 h3 63. Kxe6 g4 64. Ke5 Kg5 65. Ke4 Kh4 66. Kf4 h2 67. Ra6 Rf8+ 68. Ke3 Kg3 69. Ra1 Ra8 70. Ke4 Rxa7 0-1

[Event "Benasque op 34th"]
[Site "Benasque"]
[Date "2014.07.05"]
[Round "2"]
[White "Bae, Torstein"]
[Black "Melkumyan, Hrant"]
[Result "0-1"]
[WhiteElo "2435"]
[BlackElo "2647"]
[PlyCount "78"]
[EventDate "2014.07.04"]
[EventType "swiss"]
[EventRounds "9"]
[EventCountry "ESP"]
[SourceTitle "CBM 161 Extra"]
[Source "ChessBase"]
[SourceDate "2014.08.29"]
[SourceVersion "1"]
[SourceVersionDate "2014.08.29"]
[SourceQuality "1"]

1. e4 e5 2. Nf3 Nc6 3. Bb5 a6 4. Ba4 Nf6 5. 0-0 Be7 6. Re1 b5 7. Bb3 0-0 8. d3 d6 9. c3 Nb8 10. Nbd2 Nbd7 11. Nf1 Nc5 12. Bc2 Bb7 13. Ng3 Re8 14. d4 Ncd7 15. h3 Bf8 16. Nh2 d5 17. dxe5 Nxe5 18. f4 Bc5+ 19. Kf1 Ng6 20. e5 Ne4 21. Nxe4 dxe4 22. Qxd8 Raxd8 23. Ng4 h5 24. Nh2 Nh4 25. Be3 Bxe3 26. Rxe3 Nxg2 27. Kxg2 Rd2+ 28. Kg3 Rxc2 29. Nf1 Rxb2 30. Kh4 Rf2 31. Kg3 Rc2 32. Kh4 Rd8 33. a4 bxa4 34. Rxa4 Rf2 35. Ng3 Rxf4+ 36. Kxh5 Re8 37. Ra5 Re6 38. Kg5 Rf2 39. Nxe4 Rg6+ 0-1

[Event "Oslo op"]
[Site "Oslo"]
[Date "2014.04.06"]
[Round "4"]
[White "Djurhuus, Rune"]
[Black "Bae, Torstein"]
[Result "1-0"]
[WhiteElo "2453"]
[BlackElo "2431"]
[PlyCount "75"]
[EventDate "2014.04.04"]
[EventType "swiss"]
[EventRounds "5"]
[EventCountry "NOR"]
[SourceTitle "EXT 2016"]
[Source "ChessBase"]
[SourceDate "2015.10.08"]
[SourceVersion "1"]
[SourceVersionDate "2015.10.08"]
[SourceQuality "1"]

1. d4 d5 2. Nf3 Nc6 3. Bg5 Bg4 4. e3 f6 5. Bh4 e5 6. Be2 Qd7 7. dxe5 0-0-0 8. exf6 Nxf6 9. Nbd2 h6 10. c3 g5 11. Bg3 Bg7 12. Ne5 Nxe5 13. Bxe5 Bxe2 14. Qxe2 Rhe8 15. Bd4 Re6 16. Bxa7 h5 17. Bd4 Qa4 18. Nb3 b6 19. Qd3 c5 20. Bxf6 Rxf6 21. Qh7 Bh6 22. 0-0 g4 23. Rad1 h4 24. Qe7 Rfd6 25. Qxh4 Qxa2 26. Nxc5 bxc5 27. Ra1 Qxb2 28. Ra8+ Kc7 29. Rxd8 Rxd8 30. Qxh6 Qxc3 31. Qf4+ Kc6 32. Qxg4 Qe5 33. Qa4+ Kd6 34. Rb1 Ke6 35. Qc6+ Qd6 36. Rb6 Ke5 37. f4+ Ke6 38. Qxc5 1-0

[Event "Oslo op"]
[Site "Oslo"]
[Date "2014.04.05"]
[Round "2"]
[White "Djurhuus, Eivind X"]
[Black "Bae, Torstein"]
[Result "0-1"]
[WhiteElo "1879"]
[BlackElo "2431"]
[PlyCount "102"]
[EventDate "2014.04.04"]
[EventType "swiss"]
[EventRounds "5"]
[EventCountry "NOR"]
[SourceTitle "EXT 2016"]
[Source "ChessBase"]
[SourceDate "2015.10.08"]
[SourceVersion "1"]
[SourceVersionDate "2015.10.08"]
[SourceQuality "1"]

1. Nf3 c5 2. c4 Nc6 3. Nc3 g6 4. e3 Nf6 5. d4 cxd4 6. exd4 d5 7. cxd5 Nxd5 8. Qb3 Nxc3 9. Bc4 Nd5 10. Bxd5 e6 11. Bxc6+ bxc6 12. 0-0 Qd5 13. Bg5 Bg7 14. Qe3 h5 15. h4 f6 16. Bf4 0-0 17. Rfc1 Re8 18. Rc5 Qd7 19. Qe4 Kf7 20. Qxc6 Qxc6 21. Rxc6 Bb7 22. Rc7+ Re7 23. Rac1 Rd8 24. Be3 Bxf3 25. gxf3 Rdd7 26. Rxd7 Rxd7 27. b4 f5 28. Rc4 Bf6 29. Kg2 Bxh4 30. d5 Bd8 31. dxe6+ Kxe6 32. Rc6+ Kf7 33. Ra6 Bb6 34. a4 Rb7 35. Bg5 Bc7 36. b5 Bb8 37. Rf6+ Kg7 38. Rc6 Rc7 39. Rxc7+ Bxc7 40. Be3 Bb8 41. a5 Bc7 42. Bxa7 Bxa5 43. b6 f4 44. b7 Bc7 45. b8Q Bxb8 46. Bxb8 g5 47. Kf1 Kf6 48. Ke2 Kf5 49. Kd3 Kg6 50. Ke4 h4 51. Bc7 h3 0-1

[Event "Krakow op-A 24th"]
[Site "Krakow"]
[Date "2014.01.02"]
[Round "7"]
[White "Bae, Torstein"]
[Black "Reza, Wojciech"]
[Result "1-0"]
[WhiteElo "2449"]
[BlackElo "2182"]
[PlyCount "119"]
[EventDate "2013.12.27"]
[EventType "swiss"]
[EventRounds "9"]
[EventCountry "POL"]
[SourceTitle "CBM 158 Extra"]
[Source "ChessBase"]
[SourceDate "2014.02.28"]
[SourceVersion "1"]
[SourceVersionDate "2014.02.28"]
[SourceQuality "1"]

1. e4 e5 2. Nf3 Nc6 3. Bb5 a6 4. Ba4 Nf6 5. 0-0 b5 6. Bb3 Be7 7. d4 d6 8. c3 Bb7 9. Qe2 0-0 10. Rd1 Nd7 11. Be3 Bf6 12. Nbd2 Ne7 13. h4 c5 14. h5 cxd4 15. cxd4 exd4 16. Bxd4 Nc6 17. Bxf6 Qxf6 18. Nf1 Ne7 19. Ng3 Nc5 20. Bc2 Rfd8 21. Rd2 Qxb2 22. Rad1 Qxa2 23. Nd4 Qc4 24. Qg4 Bc8 25. Qf3 h6 26. Bb1 Ne6 27. Ndf5 Qc7 28. Nxd6 Ng5 29. Qe3 Be6 30. f4 Bg4 31. Ne2 Ne6 32. f5 Qc5 33. Kf2 Qxe3+ 34. Kxe3 Ng5 35. e5 Nc6 36. Kf4 Bxh5 37. g4 Bxg4 38. Kxg4 Nxe5+ 39. Kf4 f6 40. Rd5 Kf8 41. Kg3 b4 42. Nb7 Rxd5 43. Rxd5 Ra7 44. Nc5 a5 45. Bc2 Ke7 46. Ba4 Rc7 47. Nb3 Ne4+ 48. Kf4 Nc3 49. Nxc3 bxc3 50. Rxa5 Nc4 51. Ra6 Nb2 52. Re6+ Kf8 53. Bc6 Nd3+ 54. Ke3 Ne5 55. Be4 Re7 56. Ra6 g6 57. fxg6 Kg7 58. Nd4 Nc4+ 59. Kf4 Re8 60. Ra7+ 1-0

[Event "Krakow op-A 24th"]
[Site "Krakow"]
[Date "2013.12.29"]
[Round "3"]
[White "Bae, Torstein"]
[Black "Piesik, Piotr"]
[Result "1-0"]
[WhiteElo "2449"]
[BlackElo "2207"]
[PlyCount "85"]
[EventDate "2013.12.27"]
[EventType "swiss"]
[EventRounds "9"]
[EventCountry "POL"]
[SourceTitle "CBM 158 Extra"]
[Source "ChessBase"]
[SourceDate "2014.02.28"]
[SourceVersion "1"]
[SourceVersionDate "2014.02.28"]
[SourceQuality "1"]

1. Nf3 g6 2. d4 Bg7 3. e4 d6 4. Bc4 Nf6 5. Qe2 c6 6. e5 Nd5 7. h3 0-0 8. 0-0 Nc7 9. a3 d5 10. Bd3 b6 11. c4 Ba6 12. Nc3 Bxc4 13. Bxc4 dxc4 14. Qxc4 b5 15. Qb3 Nd7 16. Be3 Nb6 17. Rac1 Rc8 18. Rfd1 a5 19. Nd2 Qd7 20. Nce4 a4 21. Qd3 Bxe5 22. Nc5 Qd5 23. dxe5 Qxe5 24. Bd4 Qh5 25. Qf3 Qxf3 26. Nxf3 f6 27. Ne4 Nc4 28. Nfd2 Nxd2 29. Rxd2 Nd5 30. Rdc2 Nf4 31. g3 Nxh3+ 32. Kg2 f5 33. Kxh3 fxe4 34. Rxc6 Rxc6 35. Rxc6 Rd8 36. Bc3 Kf7 37. Rc5 Rd3 38. Re5 Rf3 39. Kg2 b4 40. Bxb4 e6 41. Rxe4 Rb3 42. Bc3 g5 43. Rxa4 1-0

[Event "Gothenburg Manhem-A"]
[Site "Gothenburg"]
[Date "2013.08.15"]
[Round "8"]
[White "Bae, Torstein"]
[Black "Rozentalis, Eduardas"]
[Result "0-1"]
[WhiteElo "2453"]
[BlackElo "2607"]
[PlyCount "78"]
[EventDate "2013.08.10"]
[EventType "tourn"]
[EventRounds "9"]
[EventCountry "SWE"]
[EventCategory "10"]
[SourceTitle "CBM 155 Extra"]
[Source "ChessBase"]
[SourceDate "2013.08.26"]
[SourceVersion "1"]
[SourceVersionDate "2013.08.26"]
[SourceQuality "1"]

1. Nf3 d5 2. g3 c6 3. Bg2 Bf5 4. 0-0 e6 5. c4 Nf6 6. d3 Be7 7. Qb3 Qb6 8. Be3 Qxb3 9. axb3 a6 10. Nc3 Nbd7 11. Nh4 Bg6 12. Nxg6 hxg6 13. h3 Rd8 14. d4 Bb4 15. Bg5 Be7 16. Rfd1 Nh7 17. Bxe7 Kxe7 18. e4 dxe4 19. Nxe4 Nhf6 20. Nc3 Nb6 21. Rd3 Rd7 22. Rad1 g5 23. Kf1 Rhd8 24. Ke2 Kf8 25. R3d2 Re8 26. Bh1 Ke7 27. Bg2 Kd8 28. Bh1 Kc7 29. Bg2 Red8 30. Bh1 Nc8 31. d5 exd5 32. cxd5 c5 33. Na4 b6 34. b4 cxb4 35. Rc2+ Kb8 36. Rdc1 Rd6 37. Rc6 a5 38. Bg2 Ng8 39. Rc7 b5 0-1

[Event "Gothenburg Manhem-A"]
[Site "Gothenburg"]
[Date "2013.08.10"]
[Round "1"]
[White "Bae, Torstein"]
[Black "Berg, Emanuel"]
[Result "0-1"]
[WhiteElo "2453"]
[BlackElo "2539"]
[PlyCount "68"]
[EventDate "2013.08.10"]
[EventType "tourn"]
[EventRounds "9"]
[EventCountry "SWE"]
[EventCategory "10"]
[SourceTitle "CBM 155 Extra"]
[Source "ChessBase"]
[SourceDate "2013.08.26"]
[SourceVersion "1"]
[SourceVersionDate "2013.08.26"]
[SourceQuality "1"]

1. d4 Nf6 2. Nf3 g6 3. c4 Bg7 4. Nc3 0-0 5. Bg5 h6 6. Bh4 c5 7. d5 d6 8. e4 e6 9. Nd2 Re8 10. Be2 exd5 11. cxd5 Na6 12. 0-0 Nc7 13. a4 Rb8 14. f4 b6 15. Qc2 a6 16. Nc4 b5 17. axb5 axb5 18. Na5 Bd7 19. Bf3 b4 20. Ne2 Qc8 21. h3 Bb5 22. Rfe1 Nd7 23. Kh1 Ra8 24. Bf2 Ra6 25. Ng3 Qd8 26. Nb7 Qb8 27. Na5 Qd8 28. Nb7 Qa8 29. Rxa6 Qxa6 30. Nxc5 dxc5 31. Bxc5 Nxd5 32. Be3 Nxe3 33. Rxe3 Qa1+ 34. Kh2 Bd4 0-1

[Event "Rhein Main op-A 16th"]
[Site "Bad Homburg"]
[Date "2013.05.31"]
[Round "4"]
[White "Pancevski, Filip"]
[Black "Bae, Torstein"]
[Result "1-0"]
[WhiteElo "2499"]
[BlackElo "2442"]
[PlyCount "61"]
[EventDate "2013.05.29"]
[EventType "swiss"]
[EventRounds "7"]
[EventCountry "GER"]
[SourceTitle "EXT 2014"]
[Source "ChessBase"]
[SourceDate "2013.11.20"]
[SourceVersion "1"]
[SourceVersionDate "2013.11.20"]
[SourceQuality "1"]

1. e4 d6 2. d4 Nf6 3. Nc3 g6 4. h3 Bg7 5. Be3 0-0 6. g4 d5 7. e5 Ne4 8. Nxe4 dxe4 9. Bg2 c5 10. c3 cxd4 11. cxd4 f5 12. gxf5 gxf5 13. Ne2 Qa5+ 14. Bd2 Qb6 15. 0-0 Be6 16. Nf4 Bc4 17. Be3 Na6 18. Re1 Rad8 19. b3 Bf7 20. Qe2 Nb4 21. f3 Rxd4 22. fxe4 Bxe5 23. Rad1 Rfd8 24. Nd5 Nxd5 25. exd5 Qf6 26. Bxd4 Bxd4+ 27. Kh1 Bc5 28. Qe5 Qg5 29. Qc7 Bb6 30. Qxe7 Qg3 31. Qe5 1-0

[Event "Odense Andersen op"]
[Site "Odense"]
[Date "2013.05.11"]
[Round "6"]
[White "Danielsen, Henrik"]
[Black "Bae, Torstein"]
[Result "1/2-1/2"]
[WhiteElo "2500"]
[BlackElo "2442"]
[PlyCount "59"]
[EventDate "2013.05.08"]
[EventType "swiss"]
[EventRounds "9"]
[EventCountry "DEN"]
[SourceTitle "CBM 154 Extra"]
[Source "ChessBase"]
[SourceDate "2013.06.25"]
[SourceVersion "2"]
[SourceVersionDate "2013.06.25"]
[SourceQuality "1"]

1. e4 d6 2. Nc3 g6 3. f4 Bg7 4. Nf3 c5 5. Bb5+ Nd7 6. a4 e6 7. f5 a6 8. Bc4 Ne5 9. Ba2 exf5 10. 0-0 Ne7 11. d3 Be6 12. Bg5 Bxa2 13. Rxa2 f6 14. Bh4 0-0 15. Kh1 Qd7 16. a5 N5c6 17. Bg3 Rad8 18. Nd2 g5 19. exf5 Nxf5 20. Bf2 Nfd4 21. Nce4 Nb4 22. Bxd4 cxd4 23. Ra3 h6 24. c3 dxc3 25. Nxc3 Nxd3 26. Nd5 Ne5 27. Rc3 Nc6 28. Nc4 f5 29. Rd3 Qf7 30. g3 1/2-1/2

[Event "Odense Andersen op"]
[Site "Odense"]
[Date "2013.05.10"]
[Round "5"]
[White "Bae, Torstein"]
[Black "Jacobsen, Bo"]
[Result "1-0"]
[WhiteElo "2442"]
[BlackElo "2319"]
[PlyCount "73"]
[EventDate "2013.05.08"]
[EventType "swiss"]
[EventRounds "9"]
[EventCountry "DEN"]
[SourceTitle "CBM 154 Extra"]
[Source "ChessBase"]
[SourceDate "2013.06.25"]
[SourceVersion "2"]
[SourceVersionDate "2013.06.25"]
[SourceQuality "1"]

1. e4 e5 2. Nf3 d6 3. d4 exd4 4. Nxd4 Nf6 5. Nc3 Be7 6. g3 Nc6 7. Bg2 Bg4 8. Nde2 0-0 9. h3 Bd7 10. b3 Re8 11. Bb2 a5 12. 0-0 Ne5 13. a4 c6 14. Kh2 Qc7 15. f4 Ng6 16. Qd3 Rad8 17. Qf3 h6 18. Rae1 b5 19. Nd4 b4 20. Nd1 Nh7 21. Ne3 Bf6 22. Nc4 c5 23. Nb5 Bxb5 24. axb5 Bxb2 25. Nxb2 Qb8 26. Qd3 h5 27. Kh1 Nf6 28. Na4 h4 29. g4 Re7 30. c4 Rde8 31. Qb1 d5 32. e5 dxc4 33. bxc4 Nd7 34. Rd1 Nb6 35. Nxb6 Qxb6 36. Rd6 Qb8 37. Rxg6 1-0

[Event "Gabicce Mare op 1st"]
[Site "Gabicce Mare"]
[Date "2013.01.03"]
[Round "2"]
[White "Bae, Torstein"]
[Black "Formento, Paolo"]
[Result "1/2-1/2"]
[WhiteElo "2442"]
[BlackElo "2184"]
[PlyCount "103"]
[EventDate "2013.01.02"]
[EventType "swiss"]
[EventRounds "9"]
[EventCountry "ITA"]
[SourceTitle "EXT 2014"]
[Source "ChessBase"]
[SourceDate "2013.11.20"]
[SourceVersion "1"]
[SourceVersionDate "2013.11.20"]
[SourceQuality "1"]

1. e4 e6 2. d4 d5 3. exd5 exd5 4. c4 Bb4+ 5. Nc3 Nf6 6. Bd3 dxc4 7. Bxc4 0-0 8. Nf3 c6 9. 0-0 Bg4 10. Be3 Nbd7 11. h3 Bxf3 12. Qxf3 Nb6 13. Bb3 Nbd5 14. Bg5 Qd6 15. Bh4 Rfe8 16. Bg3 Qd7 17. Be5 Bd6 18. Rfe1 Rad8 19. Rad1 Qc7 20. Nxd5 Nxd5 21. Qg3 f6 22. Bxd6 Rxe1+ 23. Rxe1 Qxd6 24. Qxd6 Rxd6 25. Re7 b5 26. Rxa7 h5 27. Ra6 Kh7 28. Bxd5 Rxd5 29. Rxc6 Rxd4 30. Rc5 Rb4 31. b3 g6 32. Kf1 Kg7 33. Ke2 Kf7 34. Kd3 Ke6 35. Kc3 Re4 36. Kd3 Rb4 37. Rc6+ Ke5 38. Rb6 Rd4+ 39. Kc3 Rd5 40. Kb4 Rd4+ 41. Kxb5 Rd2 42. a4 Rxf2 43. a5 Rxg2 44. a6 Ra2 45. Rc6 g5 46. Rc4 Ra3 47. b4 f5 48. Kb6 g4 49. hxg4 hxg4 50. a7 g3 51. Rc5+ Ke6 52. Rc6+ 1/2-1/2

[Event "Gabicce Mare op 1st"]
[Site "Gabicce Mare"]
[Date "2013.01.02"]
[Round "1"]
[White "Rigo, Gianfrancesco"]
[Black "Bae, Torstein"]
[Result "0-1"]
[WhiteElo "2022"]
[BlackElo "2442"]
[PlyCount "56"]
[EventDate "2013.01.02"]
[EventType "swiss"]
[EventRounds "9"]
[EventCountry "ITA"]
[SourceTitle "EXT 2015"]
[Source "ChessBase"]
[SourceDate "2014.11.20"]
[SourceVersion "1"]
[SourceVersionDate "2014.11.20"]
[SourceQuality "1"]

1. e4 e5 2. Nf3 Nc6 3. d4 exd4 4. Bc4 Nf6 5. 0-0 Nxe4 6. Re1 d5 7. Bxd5 Qxd5 8. Nc3 Qa5 9. Nxe4 Be6 10. Bd2 Qd5 11. Bg5 Bd6 12. Bf6 0-0 13. Nxd4 Nxd4 14. Bxd4 Be7 15. b3 Rad8 16. Bb2 Qc6 17. Qe2 Rfe8 18. Rad1 Rxd1 19. Rxd1 Bf5 20. Ng3 Bf8 21. Qd2 Qxc2 22. Qxc2 Bxc2 23. Rc1 Bd3 24. f3 c5 25. Kf2 b5 26. Ba3 b4 27. Bb2 Bd6 28. a3 a5 0-1